Logo BPK

Biblioteka

Politechniki Koszalińskiej

Taschenbuch Elektrotechnik. (Rekord nr 8748)

Szczegóły MARC
000 -ETYKIETA REKORDU
podpole kontrolne o stałej długości 00375nam a2200145 i 4500
001 - NUMER KONTROLNY REKORDU
pole kontrolne bg
040 ## - ŹRÓDŁO KATALOGOWANIA
Instytucja, która utworzyła rekord BPK
041 ## - KOD JĘZYKA
Kod języka tekstu pol
008 - POLE O STAŁEJ DŁUGOŚCI - DANE KONTROLNE
podpole kontrolne o stałej długości s pl f |000 0 pol
100 1# - NAZWA OSOBOWA
Nazwa osobowa PHILIPPOW, H.
245 #0 - TYTUŁ/ODPOWIEDZIALNOŚĆ
Tytuł Taschenbuch Elektrotechnik.
Oznaczenie części/sekcji dzieła Bd. 1,
Tytuł części/sekcji dzieła Grundlagen /
Pozostałe elementy strefy tytułu i oznaczenia odpowiedzialności H. Philippow.
250 ## - STREFA WYDANIA
Oznaczenie wydania 2. bearbeite und erweiterte Auflage.
260 ## - STREFA ADRESU WYDAWNICZEGO
Miejsce wydania Berlin,
Data publikacji, dystrybucji/powstania dokumentu 1968.
856 ## - LOKALIZACJA I DOSTĘP DO ELEKTRONICZNYCH DOKUMENTÓW ZDALNYCH
Link (URL) http://koha.tu.koszalin.pl/cgi-bin/koha/opac-detail.pl?biblionumber=8748
Tekst linku Katalog online BPK
942 ## - DODATKOWE ELEMENTY (KOHA)
Typ dokumentu Książka
Egzemplarze
Wycofany Status egzemplarza Uszkodzony Dostępność Lokalizacja stała Lokalizacja bieżąca Miejsce przechowywania Sygnatura Kod kreskowy Typ dokumentu
      Dostępny Biblioteka Politechniki Koszalińskiej Biblioteka Politechniki Koszalińskiej Wypożyczalnia BG 8277 01771145 Książka
© 2023 Biblioteka Politechniki Koszalińskiej :: KOHA